000 01321nam0a22003371 4500
001 rc\988983
005 20041129101443.3
035 _a(NLR Aleph) 006156337
090 _a5815803
_c5815803
100 _a20041129d1981 u |0rusy50 ca
101 0 _arus
102 _aRU
105 _aa |||||||||
200 1 _aЛюбовь, джаз и черт
_eПьесы
_eПер. с литов.
_fЮозас Грушас
_g[Худож. В. Левинсон]
210 _aМ.
_cСов. писатель
_d1981
215 _a487 с.
_cил.
_d22
327 1 _aСодерж.: Любовь, джаз и черт; Тайна Адомаса Брунзы; Угар; Цирк; Огонь; Швитригайла; Барбора Радвилайте; Геркус Мантас
464 0 _12001#$aЛюбовь, джаз и черт
464 0 _12001#$aТайна Адомаса Брунзы
464 0 _12001#$aУгар
464 0 _12001#$aЦирк
464 0 _12001#$aОгонь
464 0 _12001#$aШвитригайла
464 0 _12001#$aБарбора Радвилайте
464 0 _12001#$aГеркус Мантас
700 1 _aГрушас
_bЮ. А.
_f1901-1986
_gЮозас Антонович
801 0 _aRU
_bNLR
_gpsbo
801 1 _aRU
_bELAR
_2rusmarc
852 _aNLR
_j81-5/6712
942 _cBOOK
980 _aNB